000 00260nam a22000977a 4500
999 _c11377
_d11377
008 190402b ||||| |||| 00| 0 eng d
020 _a9788131804711
100 _aDixit,J.B.
_97115
245 _aInformation Practices-XI
260 _aNew Delhi
_bLakshmi Publications